Gold Medal Ribbon - Pierce The Veil Lyrics - Statistics

General Stats
  • This quiz has been taken 120 times
  • The average score is 152 of 185
Answer Stats
Answer % Correct
the
100%
a
99%
me
97%
you
97%
i
96%
Are
95%
up
93%
give
92%
i'm
92%
there?
92%
and
90%
just
90%
your
90%
can
89%
hear
89%
in
89%
swear
89%
we
89%
now
88%
signal
88%
that
88%
reaching
86%
so
86%
of
85%
to
85%
wind
85%
about
84%
but
84%
remember
84%
talked
84%
voice
84%
what
84%
don't
82%
singing
82%
sound
82%
you're
82%
dancing
81%
it
81%
always
79%
'cause
79%
for
79%
listening
79%
lipstick
78%
off
78%
take
78%
again
77%
rings
77%
matter
75%
time
75%
waste
75%
doesn't
74%
this
73%
it's
71%
into
70%
on
70%
space
68%
gold
67%
ribbon
67%
send
67%
at
66%
blood
66%
halls
66%
medal
66%
rocket
66%
taste
66%
die
64%
self
64%
here
63%
look
63%
sabotage
63%
atmosphere
62%
love
60%
oh
60%
lights
58%
'til
58%
i'll
55%
teach
55%
invention
52%
over
49%
eat
48%
stale
45%
we'll
40%
suffication
7%
No matching quizzes found
Score Distribution
Percent of People with Each Score
Percentile by Number Answered
Your Score History
You have not taken this quiz